000 00615nam a22001937a 4500
005 20251108164101.0
008 250721s1991 xx 000 0 ara d
082 1 4 _a155.4/شنط
100 1 _aالشنطي، راشد محمد
245 1 0 _aالهادي إلى النمو الإنفعالي عند الطفل /
264 1 _aعمان :
_bمكتبة المحتسب،
_c1991.
300 _a129ص
650 1 7 _aالأطفال
650 1 7 _aالدراسات
700 1 _aأبو سنينه، عوده عبد الجواد
700 1 _aعبد الهادي، نبيل أحمد
942 _2ddc
_cBK
999 _c3202
_d3202